[Event "Rated Blitz game"]
[Site "?"]
[Date "2021.07.29"]
[Round "?"]
[White "Timur_93"]
[Black "ahoramahora"]
[Result "0-1"]
[WhiteElo "2430"]
[BlackElo "2421"]
[PlyCount "124"]
[EventDate "2021.??.??"]
[EventType "blitz"]

1. e4 e5 2. Nf3 d5 3. Nc3 dxe4 4. Nxe4 Nf6 5. Nxf6+ Qxf6 6. d4 exd4 7. Bg5 Qb6
8. Bd3 Nc6 9. O-O Be6 10. Re1 Bd6 11. Bc4 O-O 12. Bxe6 fxe6 13. Rxe6 Rae8 14.
Qe2 Rxe6 15. Qxe6+ Kh8 16. b3 Nb4 17. Qe4 Qc5 18. Qxd4 Qxd4 19. Nxd4 Be5 20.
Rd1 h6 21. Be3 Bxd4 22. Bxd4 Nxc2 23. Bc3 Rf7 24. Rc1 Na3 25. f3 Kg8 26. Kf2
Nb5 27. Kg1 Nxc3 28. Rxc3 Kf8 29. Kf2 Re7 30. f4 Ke8 31. g4 Kd7 32. h4 b6 33.
g5 hxg5 34. fxg5 c5 35. Kg3 Re2 36. a4 g6 37. Kg4 Ke6 38. Rf3 Ke5 39. Rf6 Re4+
40. Kg3 Re3+ 41. Kg4 Rxb3 42. Rxg6 Rb4+ 43. Kg3 Rb3+ 44. Kg4 Rb4+ 45. Kh5 Rxa4
46. Rc6 Ra1 47. g6 Rg1 48. Kh6 Kd5 49. Rc8 b5 50. g7 b4 51. g8=Q+ Rxg8 52. Rxg8
b3 53. Kg5 c4 54. h5 c3 55. h6 c2 56. Rc8 b2 57. Rxc2 b1=Q 58. Rd2+ Ke6 59.
Re2+ Kf7 60. Rf2+ Kg8 61. Rf6 Qg1+ 62. Kh5 Qh2+ {Time forfeit} 0-1

[Event "Rated Blitz game"]
[Site "?"]
[Date "2021.07.29"]
[Round "?"]
[White "super_club_scacchi"]
[Black "ahoramahora"]
[Result "1-0"]
[WhiteElo "2437"]
[BlackElo "2386"]
[PlyCount "115"]
[EventDate "2021.??.??"]
[EventType "blitz"]

1. e4 e5 2. Nf3 d5 3. exd5 e4 4. Qe2 Nf6 5. Nc3 Be7 6. Ng5 O-O 7. Ngxe4 Re8 8.
d3 Nxd5 9. Nxd5 Qxd5 10. Be3 Nc6 11. Nc3 Qa5 12. Qd2 Bb4 13. Be2 Bf5 14. O-O
Rad8 15. a3 Bxc3 16. Qxc3 Qxc3 17. bxc3 a6 18. Bf3 Na5 19. Rab1 h6 20. c4 Re7
21. Bd2 Nxc4 22. Bb4 Nd6 23. Bxd6 cxd6 24. Rxb7 Rxb7 25. Bxb7 a5 26. Bd5 Rc8
27. Bb3 Rc3 28. Re1 Bxd3 29. Re8+ Kh7 30. Bxf7 Rxc2 31. h3 Rc3 32. Re3 Rc1+ 33.
Kh2 Bg6 34. Bxg6+ Kxg6 35. Rd3 Rc6 36. Rd5 Ra6 37. Kg3 Kf6 38. Kf4 Ke6 39. Rb5
d5 40. Ke3 Ke5 41. f4+ Kd6 42. Kd4 Kc6 43. Rc5+ Kb7 44. Rxd5 Rg6 45. g4 Ra6 46.
Rd7+ Kc6 47. Rxg7 Ra8 48. Rg6+ Kb5 49. Rxh6 Ka4 50. f5 Kxa3 51. f6 a4 52. f7
Kb2 53. Rf6 Rf8 54. Ke5 a3 55. Ke6 a2 56. Rf2+ Kb3 57. Rxa2 Kxa2 58. Ke7 {
Normal} 1-0

[Event "Rated Blitz game"]
[Site "?"]
[Date "2021.07.29"]
[Round "?"]
[White "Davigator"]
[Black "ahoramahora"]
[Result "0-1"]
[WhiteElo "2438"]
[BlackElo "2419"]
[PlyCount "62"]
[EventDate "2021.??.??"]
[EventType "blitz"]

1. e4 e5 2. Nf3 d5 3. Nxe5 Bd6 4. d4 dxe4 5. Nc4 Nf6 6. Be3 O-O 7. Be2 Nc6 8.
O-O Bf5 9. a4 a6 10. a5 Qd7 11. c3 Rad8 12. Nbd2 h6 13. Qb3 Qc8 14. Nxd6 Rxd6
15. Nc4 Rdd8 16. Qd1 Bg6 17. h3 Rfe8 18. b4 Ne5 19. Nxe5 Rxe5 20. Bf4 Ree8 21.
Qb3 Nd5 22. Be5 e3 23. f3 f6 24. Bc4 Bf7 25. Bg3 e2 26. Rfe1 Qf5 27. Rxe2 Rxe2
28. Bxe2 Qg5 29. Bf2 Nf4 30. Qxf7+ Kxf7 31. Bf1 Nxh3+ {Normal} 0-1

[Event "Rated Blitz game"]
[Site "?"]
[Date "2021.07.29"]
[Round "?"]
[White "Zloi_Cheena"]
[Black "annaly1979"]
[Result "0-1"]
[WhiteElo "2418"]
[BlackElo "2409"]
[PlyCount "21"]
[EventDate "2021.??.??"]
[EventType "blitz"]

1. e4 e5 2. Nf3 d5 3. Nxe5 Qe7 4. d4 f6 5. Qh5+ g6 6. Nxg6 Qxe4+ 7. Be2 Qxg6 8.
Qf3 Ne7 9. O-O Nbc6 10. Nc3 Nxd4 11. Qe3 {Normal} 0-1

[Event "Rated Rapid game"]
[Site "?"]
[Date "2021.07.29"]
[Round "?"]
[White "Samuraicriollo13"]
[Black "Nobunaga_Oda"]
[Result "0-1"]
[WhiteElo "2488"]
[BlackElo "2418"]
[PlyCount "94"]
[EventDate "2021.??.??"]
[EventType "rapid"]

1. e4 e5 2. Nf3 d5 3. Nxe5 Bd6 4. d4 dxe4 5. Nc3 Bxe5 6. dxe5 Qxd1+ 7. Kxd1 Nc6
8. Nxe4 Bf5 9. Bd3 Nxe5 10. Nd6+ cxd6 11. Bxf5 Ne7 12. Bh3 O-O 13. Re1 N7g6 14.
b3 Rfe8 15. f4 Nc6 16. Rxe8+ Rxe8 17. g3 Nd4 18. Bf1 Nf3 19. Bd2 Nxh2 20. Bg2
b6 21. a4 Ng4 22. a5 Ne3+ 23. Bxe3 Rxe3 24. axb6 axb6 25. Ra8+ Nf8 26. Bd5 g6
27. Ra7 Ne6 28. g4 Nxf4 29. Bxf7+ Kf8 30. Bc4 Re7 31. Ra8+ Kg7 32. g5 d5 33.
Bd3 Nxd3 34. cxd3 h5 35. gxh6+ Kxh6 36. Rd8 g5 37. Rxd5 Kh5 38. Kd2 Kh4 39. Rd8
Kg3 40. Rg8 g4 41. d4 Kf3 42. Kd3 g3 43. d5 Rf7 44. Kd4 g2 45. Ke5 Kf2 46. Ke6
Rf3 47. Rg3 Rxg3 {Normal} 0-1

[Event "Rated Blitz game"]
[Site "?"]
[Date "2021.07.29"]
[Round "?"]
[White "KrUeL"]
[Black "Tumbasov_Nikita2009"]
[Result "1-0"]
[WhiteElo "2413"]
[BlackElo "2295"]
[PlyCount "129"]
[EventDate "2021.??.??"]
[EventType "blitz"]

1. e4 e5 2. Nf3 d5 3. Nxe5 Bd6 4. d4 dxe4 5. Nc4 Nf6 6. Nc3 a6 7. Bg5 Bf5 8. f3
Qe7 9. Bxf6 gxf6 10. fxe4 Bxe4 11. Nxd6+ cxd6 12. Nxe4 Qxe4+ 13. Qe2 Qxe2+ 14.
Bxe2 Nc6 15. c3 O-O-O 16. Bf3 Rhe8+ 17. Kf2 Kc7 18. Bxc6 bxc6 19. Rae1 Kd7 20.
Rxe8 Rxe8 21. Rd1 Rb8 22. b4 a5 23. a3 axb4 24. axb4 Ra8 25. Rd3 Ra2+ 26. Kg3
Ke6 27. Rf3 f5 28. Re3+ Kf6 29. Kf3 Rc2 30. h3 h5 31. Rd3 d5 32. Re3 Kg5 33. g3
h4 34. gxh4+ Kxh4 35. Kf4 Rf2+ 36. Ke5 f4 37. Rd3 f3 38. Kd6 Rf1 39. Kxc6 f2
40. Rf3 Rc1 41. Rxf2 Rxc3+ 42. Kxd5 Rxh3 43. Rxf7 Rb3 44. Kc4 Rb1 45. b5 Kg5
46. Kc5 Kg6 47. Rf2 Rc1+ 48. Kd6 Rb1 49. Kc6 Rc1+ 50. Kb7 Rb1 51. b6 Rb4 52. d5
Rd4 53. Kc6 Rc4+ 54. Kb5 Rd4 55. Kc5 Rd1 56. Rb2 Rc1+ 57. Kd6 Kf6 58. b7 Re1
59. b8=Q Kg5 60. Qf8 Re4 61. Rg2+ Rg4 62. Qg8+ Kf6 63. Qxg4 Kf7 64. Rf2+ Ke8
65. Qg8# {Normal} 1-0

[Event "Rated Blitz tournament RsWImxWL"]
[Site "?"]
[Date "2021.07.29"]
[Round "?"]
[White "Evgeny_Davidenko"]
[Black "dr_xStranger"]
[Result "0-1"]
[WhiteElo "2437"]
[BlackElo "2505"]
[PlyCount "70"]
[EventDate "2021.??.??"]
[EventType "blitz"]

1. e4 e5 2. Nf3 d5 3. Nxe5 Bd6 4. d4 dxe4 5. Nc3 Bxe5 6. dxe5 Qxd1+ 7. Kxd1 Nc6
8. Bb5 Bd7 9. Bxc6 Bxc6 10. Bf4 O-O-O+ 11. Ke2 Ne7 12. Rhd1 Ng6 13. Ke3 Rde8
14. Rd4 Nxe5 15. Bxe5 Rxe5 16. Rad1 Rhe8 17. Kf4 g5+ 18. Ke3 f5 19. g3 Rf8 20.
Nd5 Bxd5 21. Rxd5 f4+ 22. Ke2 Rfe8 23. c4 e3 24. Rxe5 Rxe5 25. gxf4 gxf4 26.
Rd4 f3+ 27. Ke1 exf2+ 28. Kxf2 Re2+ 29. Kxf3 Rxh2 30. b4 Rxa2 31. Rh4 Ra3+ 32.
Ke4 Rb3 33. Rxh7 Rxb4 34. Kd5 b6 35. c5 Rb5 {Normal} 0-1

[Event "Rated Blitz game"]
[Site "?"]
[Date "2021.07.29"]
[Round "?"]
[White "Udar59"]
[Black "annaly1979"]
[Result "0-1"]
[WhiteElo "2414"]
[BlackElo "2409"]
[PlyCount "62"]
[EventDate "2021.??.??"]
[EventType "blitz"]

1. e4 e5 2. Nf3 d5 3. Nxe5 Qe7 4. d4 f6 5. Ng4 Nc6 6. c3 f5 7. Ne3 dxe4 8. f4
Nf6 9. Be2 Qd6 10. O-O Be6 11. Nc4 Bxc4 12. Bxc4 O-O-O 13. Be3 Ng4 14. Qe2 h5
15. Nd2 h4 16. b4 h3 17. g3 g6 18. Nb3 Qf6 19. Rac1 Kb8 20. Rfd1 Be7 21. d5
Nxe3 22. Qxe3 Ne5 23. fxe5 Qxe5 24. Nd4 Bd6 25. Nb5 b6 26. Nd4 f4 27. Nc6+ Ka8
28. gxf4 Qxf4 29. Qxf4 Bxf4 30. Nxd8 Bxc1 31. Nf7 Be3+ {Time forfeit} 0-1

[Event "Rated Blitz game"]
[Site "?"]
[Date "2021.07.29"]
[Round "?"]
[White "emiliooo"]
[Black "KamranShirazi"]
[Result "0-1"]
[WhiteElo "2564"]
[BlackElo "2529"]
[PlyCount "134"]
[EventDate "2021.??.??"]
[EventType "blitz"]

1. e4 e5 2. Nf3 d5 3. Nxe5 Bd6 4. d4 dxe4 5. Nc4 Be7 6. Nc3 f5 7. f3 Nf6 8.
fxe4 fxe4 9. Bg5 O-O 10. Ne5 Be6 11. Qd2 e3 12. Bxe3 Ng4 13. Nxg4 Bxg4 14. Bc4+
Kh8 15. Be2 Bxe2 16. Nxe2 Qd5 17. Nf4 Qf7 18. O-O Nc6 19. d5 Ne5 20. Ne6 Qh5
21. Nxf8 Bxf8 22. Bf4 Bd6 23. h3 Nc4 24. Qd4 Ne5 25. Rae1 c5 26. dxc6 Bc5 27.
Qxc5 Nf3+ 28. Rxf3 Qxc5+ 29. Rfe3 bxc6 30. Bd6 Qh5 31. Re5 Qg6 32. Re6 Qh5 33.
g4 Qf7 34. Re7 Qg8 35. Rf1 Qd5 36. Rfe1 h6 37. Bg3 Qc5+ 38. Bf2 Qxc2 39. Bd4
Rg8 40. Rxa7 Qd3 41. Bc3 Qg3+ 42. Kf1 Rf8+ 43. Ke2 Re8+ 44. Kd1 Qd3+ 45. Kc1
Rxe1+ 46. Bxe1 Qe3+ 47. Bd2 Qxa7 48. Kc2 Qxa2 49. Bc3 Qa4+ 50. Kd3 Qf4 51. h4
Qh2 52. h5 Qh3+ 53. Kc2 Qxg4 54. Kb3 Qxh5 55. Kc2 Qd5 56. Kc1 c5 57. Kc2 c4 58.
b4 cxb3+ 59. Kb2 Qc4 60. Ba5 Qc2+ 61. Ka3 Qa2+ 62. Kb4 b2 63. Kc5 b1=Q 64. Bc3
Qab3 65. Kd4 Q1c2 66. Bb4 Qbc4+ 67. Ke3 Q2e2# {Normal} 0-1

[Event "Rated Blitz game"]
[Site "?"]
[Date "2021.07.28"]
[Round "?"]
[White "Buzilo"]
[Black "annaly1979"]
[Result "1-0"]
[WhiteElo "2406"]
[BlackElo "2391"]
[PlyCount "109"]
[EventDate "2021.??.??"]
[EventType "blitz"]

1. e4 e5 2. Nf3 d5 3. exd5 e4 4. Qe2 f5 5. d3 Nf6 6. Nbd2 Be7 7. dxe4 fxe4 8.
Nxe4 Nxe4 9. Qxe4 O-O 10. Bc4 Bb4+ 11. Kf1 Bf5 12. d6+ Kh8 13. Qxb7 Qxd6 14.
Be3 Nc6 15. Qb5 Rad8 16. c3 Ba5 17. Bc5 Qg6 18. Bxf8 Rxf8 19. Re1 Bb6 20. h3 a5
21. Qd5 a4 22. Kg1 Bc8 23. Re2 Bb7 24. Qe6 Qb1+ 25. Kh2 Qg6 26. Qxg6 hxg6 27.
Rhe1 Kh7 28. Ng5+ Kh6 29. Nf7+ Kh7 30. Re8 Rxe8 31. Rxe8 g5 32. Bd3+ g6 33.
Nxg5+ Kh6 34. h4 Bxf2 35. g3 Bc5 36. Re6 Kg7 37. Rxg6+ Kf8 38. h5 Ne7 39. Rf6+
Kg8 40. h6 Kh8 41. h7 Nd5 42. Rf8+ Bxf8 43. Nf7+ Kg7 44. h8=Q+ Kxf7 45. Qh5+
Ke7 46. Bf5 c6 47. Qh7+ Kf6 48. Qxb7 Kxf5 49. Qxc6 Nf6 50. Qc8+ Nd7 51. Qa8 Bd6
52. Qxa4 Ke6 53. Qa7 Ne5 54. Qe3 Be7 55. g4 {Time forfeit} 1-0

[Event "Rated Blitz game"]
[Site "?"]
[Date "2021.07.28"]
[Round "?"]
[White "safyahmad1265"]
[Black "mirekkk14"]
[Result "0-1"]
[WhiteElo "2437"]
[BlackElo "2425"]
[PlyCount "20"]
[EventDate "2021.??.??"]
[EventType "blitz"]

1. e4 e5 2. Nf3 d5 3. exd5 e4 4. Qe2 Nf6 5. d3 Bb4+ 6. Bd2 O-O 7. Bxb4 exf3 8.
Qxf3 Re8+ 9. Kd2 Nxd5 10. Ba3 Qg5+ {Normal} 0-1

[Event "Rated Rapid game"]
[Site "?"]
[Date "2021.07.28"]
[Round "?"]
[White "CristianRomao"]
[Black "Juliateacher"]
[Result "0-1"]
[WhiteElo "2384"]
[BlackElo "2590"]
[PlyCount "42"]
[EventDate "2021.??.??"]
[EventType "rapid"]

1. e4 e5 2. Nf3 d5 3. exd5 e4 4. Qe2 Nf6 5. d3 Bb4+ 6. Bd2 O-O 7. Bxb4 Re8 8.
Kd1 exf3 9. Qd2 Qxd5 10. g3 Re2 11. Qf4 Rxf2 12. Qxc7 Na6 13. Qd6 Nxb4 14. Qxb4
Ng4 15. Qe1 Re2 16. Bxe2 f2 17. Nc3 fxe1=Q+ 18. Rxe1 Qg5 19. Ne4 Ne3+ 20. Kc1
Qh6 21. Kb1 Bf5 {Normal} 0-1

[Event "Rated Blitz game"]
[Site "?"]
[Date "2021.07.28"]
[Round "?"]
[White "Dr_Pinchito"]
[Black "rofaidah"]
[Result "0-1"]
[WhiteElo "2584"]
[BlackElo "2469"]
[PlyCount "74"]
[EventDate "2021.??.??"]
[EventType "blitz"]

1. e4 e5 2. Nf3 d5 3. Bc4 dxc4 4. Nxe5 Qd4 5. Ng4 Bxg4 6. Qxg4 Nc6 7. O-O Nf6
8. Qh4 Be7 9. Nc3 Nd5 10. Qg3 Nxc3 11. dxc3 Qxe4 12. Qxg7 O-O-O 13. f3 Qe2 14.
Qg4+ Kb8 15. Bf4 h5 16. Qh3 Qxc2 17. Kh1 h4 18. Rae1 Bd6 19. Bg5 Rde8 20. f4
Rxe1 21. Rxe1 Qxb2 22. Qxh4 Rc8 23. Bf6 b6 24. Qh5 Kb7 25. h4 Qf2 26. Re2 Qxf4
27. Kg1 Qxf6 28. Qg4 Rd8 29. Qd4 Bc5 30. Qxc5 bxc5 31. Kh2 Qf4+ 32. g3 Qf3 33.
Rg2 Rd3 34. h5 Ne5 35. h6 Ng4+ 36. Kh3 Ne3 37. Kh2 Qxg2# {Normal} 0-1

[Event "Rated Blitz game"]
[Site "?"]
[Date "2021.07.28"]
[Round "?"]
[White "Benbasat"]
[Black "rofaidah"]
[Result "1-0"]
[WhiteElo "2461"]
[BlackElo "2463"]
[PlyCount "43"]
[EventDate "2021.??.??"]
[EventType "blitz"]

1. e4 e5 2. Nf3 d5 3. exd5 e4 4. Nd4 Qxd5 5. Nb3 Bd6 6. Nc3 Qe5 7. Be2 Nf6 8.
d4 exd3 9. Qxd3 O-O 10. Be3 Nc6 11. O-O-O Bf5 12. Qb5 Nb4 13. Qxe5 Bxe5 14. Bc5
Bf4+ 15. Nd2 Nc6 16. Bxf8 Kxf8 17. g3 Bd6 18. Nc4 Bc5 19. Nb5 Bxf2 20. Rhf1 Bb6
21. Nxb6 axb6 22. Rxf5 {Normal} 1-0

[Event "Rated Blitz game"]
[Site "?"]
[Date "2021.07.28"]
[Round "?"]
[White "super_club_scacchi"]
[Black "annaly1979"]
[Result "1-0"]
[WhiteElo "2402"]
[BlackElo "2402"]
[PlyCount "93"]
[EventDate "2021.??.??"]
[EventType "blitz"]

1. e4 e5 2. Nf3 d5 3. exd5 e4 4. Qe2 f5 5. Nc3 Nf6 6. d3 Bb4 7. dxe4 Bxc3+ 8.
bxc3 fxe4 9. Ng5 O-O 10. c4 c6 11. Bb2 cxd5 12. cxd5 Qxd5 13. Qc4 h6 14. Bxf6
Qxc4 15. Bxc4+ Kh8 16. Nf7+ Kh7 17. Be7 Re8 18. Bc5 Nd7 19. Be3 Nb6 20. Bb3 a5
21. Nd6 a4 22. Nxe8 axb3 23. cxb3 Nd5 24. Nd6 Be6 25. O-O Nc3 26. Nxb7 Ra3 27.
Nc5 Bf7 28. h3 g5 29. Rfc1 Ne2+ 30. Kf1 Nxc1 31. Bxc1 Ra5 32. Be3 Kg6 33. a4
Be8 34. b4 Ra8 35. b5 Bxb5+ 36. Ke1 Bc6 37. a5 Bb5 38. a6 Kf5 39. a7 Ke5 40.
Nb3 Kd5 41. Nd4 Bd3 42. Nf5 Kc4 43. Nxh6 Kb3 44. Nf7 Kb2 45. Ra5 Rc8 46. a8=Q
Rxa8 47. Rxa8 {Normal} 1-0

[Event "Rated Blitz game"]
[Site "?"]
[Date "2021.07.28"]
[Round "?"]
[White "ligtom"]
[Black "blastol"]
[Result "1/2-1/2"]
[WhiteElo "2322"]
[BlackElo "2461"]
[PlyCount "123"]
[EventDate "2021.??.??"]
[EventType "blitz"]

1. e4 e5 2. Nf3 d5 3. exd5 Bd6 4. d4 e4 5. Ne5 Nf6 6. Nc3 O-O 7. Bc4 Re8 8. O-O
Nbd7 9. f4 exf3 10. Nxf3 Nb6 11. Bb3 Bg4 12. h3 Bh5 13. Bg5 a5 14. a4 h6 15.
Bh4 Bf4 16. Qd3 g5 17. Bf2 Bg6 18. Qb5 Qd6 19. Rae1 h5 20. Ne5 Nbxd5 21. Nxd5
c6 22. Nxf6+ Qxf6 23. Qc4 Red8 24. Nxg6 Qxg6 25. Be3 Bg3 26. Rxf7 Rd5 27. Ref1
Bf4 28. Bxf4 Qxf7 29. Be5 Qg6 30. Qd3 Qxd3 31. cxd3 Kh7 32. Bxd5 cxd5 33. Rf7+
Kg6 34. Rxb7 Rc8 35. Rb5 Rc2 36. Rxd5 Rxb2 37. Rxa5 g4 38. hxg4 hxg4 39. Kh2
Rd2 40. Kg3 Rxd3+ 41. Kxg4 Rd2 42. g3 Rd3 43. Rb5 Ra3 44. a5 Kf7 45. Rb7+ Ke6
46. Kf4 Ra1 47. Ke4 Rd1 48. a6 Re1+ 49. Kd3 Ra1 50. a7 Kd5 51. g4 Kc6 52. Rf7
Kb6 53. g5 Ra3+ 54. Ke4 Ra1 55. g6 Re1+ 56. Kd3 Ra1 57. g7 Ra3+ 58. Kc4 Ra4+
59. Kb3 Ra5 60. Bc7+ Kb7 61. Bxa5+ Ka8 62. Bb4 {Normal} 1/2-1/2

[Event "Rated Blitz game"]
[Site "?"]
[Date "2021.07.28"]
[Round "?"]
[White "good_knight_kisses"]
[Black "osmankoka"]
[Result "1-0"]
[WhiteElo "2416"]
[BlackElo "2392"]
[PlyCount "83"]
[EventDate "2021.??.??"]
[EventType "blitz"]

1. e4 e5 2. Nf3 d5 3. exd5 e4 4. Qe2 Nf6 5. Nc3 Bd6 6. Nxe4 O-O 7. Nxf6+ Qxf6
8. d4 Bg4 9. Be3 Nd7 10. O-O-O a5 11. h3 Bh5 12. g4 Bg6 13. Kb1 b5 14. Bg5
Bxc2+ 15. Kxc2 Qg6+ 16. Qd3 f5 17. Bg2 Nb6 18. Kb1 h6 19. Be3 Qe8 20. gxf5 Qh5
21. Ne5 Rxf5 22. Be4 Rf6 23. Rdg1 Bxe5 24. dxe5 Qxe5 25. Bd4 Qd6 26. Bxf6 Qxf6
27. Rg6 Qe7 28. Rhg1 Rf8 29. d6 Qe5 30. Rxg7+ Qxg7 31. Rxg7+ Kxg7 32. dxc7 Nc8
33. Qd7+ Kf6 34. Bb7 Ne7 35. Qd6+ Kf7 36. Qd7 Kf6 37. c8=Q Nxc8 38. Bxc8 Kg5
39. Qg4+ Kf6 40. Qf5+ Ke7 41. Qe6+ Kd8 42. Qd7# {Normal} 1-0

[Event "Rated Blitz game"]
[Site "?"]
[Date "2021.07.28"]
[Round "?"]
[White "ffenixx"]
[Black "annaly1979"]
[Result "0-1"]
[WhiteElo "2419"]
[BlackElo "2420"]
[PlyCount "134"]
[EventDate "2021.??.??"]
[EventType "blitz"]

1. e4 e5 2. Nf3 d5 3. Nxe5 Qe7 4. d4 f6 5. Qh5+ g6 6. Nxg6 Qxe4+ 7. Be2 Qxg6 8.
Qxd5 Ne7 9. Qf3 Nbc6 10. c3 Bf5 11. Nd2 O-O-O 12. O-O h5 13. b4 h4 14. Re1 Bh6
15. Nf1 Bxc1 16. Rexc1 Rhg8 17. Ne3 Be4 18. Qh3+ Kb8 19. Bf3 Nd5 20. a4 Nxe3
21. fxe3 Ne7 22. a5 Nd5 23. Kh1 Nxe3 24. Re1 Bxf3 25. Qxf3 Nc2 26. a6 c6 27.
Qf4+ Ka8 28. axb7+ Kxb7 29. Re7+ Kb6 30. Qc7+ Kb5 31. Ra5+ Kc4 32. Qxc6+ Kd3
33. Qf3+ Kc4 34. Qf1+ Kb3 35. Qb1+ Kxc3 36. Rc5+ Kd2 37. Rxc2+ Qxc2 38. Re2+
Kxe2 39. Qxc2+ Ke3 40. Qc3+ Ke4 41. Qc6+ Kxd4 42. Qxf6+ Kc4 43. Qf4+ Kb5 44. h3
Rh8 45. Qf7 Ra8 46. Qb7+ Ka4 47. b5 Rhb8 48. Qa6+ Kb4 49. Qd6+ Kxb5 50. Qd5+
Kb4 51. Qd4+ Kb5 52. Qxh4 a5 53. Qg5+ Ka6 54. Qf6+ Rb6 55. Qf1+ Ka7 56. Qa1 Kb7
57. Qg7+ Ka6 58. Qa1 Rab8 59. Kh2 Rb2 60. h4 R8b4 61. Qf1+ Kb6 62. Kh3 a4 63.
h5 a3 64. Qf6+ Ka5 65. Qe5+ Ka4 66. h6 a2 67. Qe1 Rb1 {Time forfeit} 0-1

[Event "Rated Blitz game"]
[Site "?"]
[Date "2021.07.28"]
[Round "?"]
[White "wader51"]
[Black "annaly1979"]
[Result "1/2-1/2"]
[WhiteElo "2459"]
[BlackElo "2401"]
[PlyCount "106"]
[EventDate "2021.??.??"]
[EventType "blitz"]

1. e4 e5 2. Nf3 d5 3. Nxe5 Qe7 4. d4 f6 5. Ng4 Nc6 6. e5 Bxg4 7. Qxg4 fxe5 8.
dxe5 Nxe5 9. Qe2 Nf6 10. Bf4 Ng6 11. Qxe7+ Bxe7 12. Bg3 O-O-O 13. Bd3 Bb4+ 14.
c3 Rhe8+ 15. Kd1 Bd6 16. Bxg6 hxg6 17. Bxd6 Rxd6 18. Re1 Rde6 19. Rxe6 Rxe6 20.
f3 Nh5 21. g3 Re3 22. Nd2 c6 23. Kc2 Re2 24. Rh1 Kd7 25. Kd3 Rg2 26. b4 Kd6 27.
a4 g5 28. a5 Nf6 29. Ke3 b6 30. axb6 axb6 31. Nb3 g4 32. Nd4 gxf3 33. Kxf3 Ra2
34. h4 g6 35. Re1 Ne4 36. Re3 Rf2+ 37. Kg4 c5 38. bxc5+ bxc5 39. Ne2 Nf6+ 40.
Kg5 Ne4+ 41. Kxg6 Rg2 42. h5 Ke5 43. h6 d4 44. cxd4+ cxd4 45. Nf4 Rh2 46. Re1
d3 47. h7 d2 48. Rd1 Nxg3 49. Rxd2 Rxh7 50. Kxh7 Kxf4 51. Kg6 Ne4 52. Rd4 Ke3
53. Rxe4+ Kxe4 {Normal} 1/2-1/2

[Event "Rated Blitz game"]
[Site "?"]
[Date "2021.07.28"]
[Round "?"]
[White "Fouche69"]
[Black "annaly1979"]
[Result "0-1"]
[WhiteElo "2428"]
[BlackElo "2418"]
[PlyCount "124"]
[EventDate "2021.??.??"]
[EventType "blitz"]

1. e4 e5 2. Nf3 d5 3. d4 dxe4 4. Nxe5 Bd6 5. Nc4 Nf6 6. Nxd6+ cxd6 7. Be2 h6 8.
Be3 O-O 9. c4 Nc6 10. Nc3 Bf5 11. h3 Rc8 12. O-O a6 13. Rc1 d5 14. Nxd5 Nxd5
15. cxd5 Qxd5 16. Bc4 Qd6 17. Qd2 Bg6 18. Rfd1 Kh7 19. Bf4 Qe7 20. d5 Ne5 21.
Be2 Nd3 22. Bxd3 exd3 23. d6 Qd7 24. Rc7 Rxc7 25. dxc7 Qa4 26. b3 Qb5 27. Qc3
Rc8 28. a4 Qf5 29. Be5 f6 30. Bg3 h5 31. h4 Qg4 32. Rxd3 Bxd3 33. Qxd3+ Kh6 34.
Qe3+ Kh7 35. Qb6 Qe4 36. Qd6 Qf5 37. Kh2 Kg6 38. b4 Kh7 39. Qb6 Qd5 40. Qe3 Kg6
41. b5 axb5 42. axb5 Qxb5 43. Qe6 Qe8 44. Qb6 Qc6 45. Qe3 Kf7 46. Qe2 Qd5 47.
Qb2 b5 48. Qb4 Re8 49. Qc3 Qd7 50. Qb3+ Kg6 51. Qb1+ Kf7 52. Qb3+ Kf8 53. Qb1
Kg8 54. Qg6 Qf7 55. Qf5 b4 56. c8=Q Rxc8 57. Qxc8+ Kh7 58. Qc2+ Qg6 59. Qb3 Qe4
60. f3 Qd4 61. Qb1+ g6 62. Qc2 Qc3 {Time forfeit} 0-1

[Event "Rated Classical game"]
[Site "?"]
[Date "2021.07.28"]
[Round "?"]
[White "iw"]
[Black "LanBrak"]
[Result "0-1"]
[WhiteElo "2262"]
[BlackElo "2472"]
[PlyCount "106"]
[EventDate "2021.??.??"]

1. e4 e5 2. Nf3 d5 3. Nxe5 Bd6 4. d4 dxe4 5. Nc4 Be7 6. Nc3 Nf6 7. Be2 O-O 8.
O-O Nc6 9. Be3 Bf5 10. Qd2 a6 11. Rad1 b5 12. Ne5 Nxe5 13. dxe5 Ng4 14. Qxd8
Raxd8 15. Rxd8 Rxd8 16. Bxg4 Bxg4 17. Nxe4 Bf5 18. Ng3 Bxc2 19. Rc1 Rd1+ 20.
Rxd1 Bxd1 21. Nf5 Bf8 22. Kf1 Bc2 23. Nd4 Bd3+ 24. Ke1 Bc4 25. a3 Bd5 26. f3 c5
27. Nf5 c4 28. Nd6 f6 29. Bd4 g6 30. Kf2 h5 31. f4 fxe5 32. Bxe5 Be7 33. g3 Bd8
34. Bd4 Be7 35. Be5 Kf8 36. h3 Bd8 37. g4 Bh4+ 38. Ke3 Bg2 39. gxh5 gxh5 40.
Nf5 Bd8 41. h4 Bh3 42. Ng3 Bg4 43. Ne4 Bxh4 44. Nf6 Kf7 45. Nxg4 hxg4 46. f5
Bf6 47. Bc3 Bxc3 48. bxc3 Kf6 49. Kf4 a5 50. Kxg4 b4 51. cxb4 axb4 52. axb4 c3
53. b5 c2 {Normal} 0-1

[Event "Rated Blitz game"]
[Site "?"]
[Date "2021.07.28"]
[Round "?"]
[White "slave-trajkoski"]
[Black "annaly1979"]
[Result "0-1"]
[WhiteElo "2413"]
[BlackElo "2395"]
[PlyCount "60"]
[EventDate "2021.??.??"]
[EventType "blitz"]

1. e4 e5 2. Nf3 d5 3. d4 dxe4 4. Nxe5 Bd6 5. Nc4 Nf6 6. Nc3 h6 7. Be2 O-O 8.
O-O Bf5 9. Be3 Nc6 10. h3 Re8 11. a3 a6 12. Nd2 Bg6 13. Nc4 Bf8 14. b4 b5 15.
Nb2 Ne7 16. a4 c6 17. axb5 axb5 18. Rxa8 Qxa8 19. Qa1 Qc8 20. Rd1 Ned5 21. Nxd5
Nxd5 22. Qa3 Bxb4 23. Qb3 Be7 24. c4 bxc4 25. Bxc4 Qa8 26. Bxd5 cxd5 27. Rc1
Rb8 28. Qc2 Ba3 29. Rb1 Qb7 30. Bc1 e3 {Normal} 0-1

[Event "Rated Blitz game"]
[Site "?"]
[Date "2021.07.28"]
[Round "?"]
[White "CampoCaligne"]
[Black "Fantastic_power06"]
[Result "0-1"]
[WhiteElo "2636"]
[BlackElo "2717"]
[PlyCount "46"]
[EventDate "2021.??.??"]
[EventType "blitz"]

1. e4 e5 2. Nf3 d5 3. d4 dxe4 4. Nxe5 Bd6 5. Nc4 Nc6 6. Nxd6+ Qxd6 7. c3 Bf5 8.
Be3 O-O-O 9. Nd2 Nf6 10. Nc4 Qe7 11. Be2 Nd5 12. Qd2 Be6 13. a3 h6 14. O-O f5
15. Bf4 g5 16. Be5 Rhf8 17. f3 e3 18. Nxe3 Nxe5 19. dxe5 Nf4 20. Qc2 Qc5 21.
Kf2 Nxe2 22. Kxe2 f4 23. Ng4 Bxg4 {Normal} 0-1

[Event "Rated Blitz game"]
[Site "?"]
[Date "2021.07.28"]
[Round "?"]
[White "joeydebryan"]
[Black "KamranShirazi"]
[Result "0-1"]
[WhiteElo "2431"]
[BlackElo "2557"]
[PlyCount "88"]
[EventDate "2021.??.??"]
[EventType "blitz"]

1. e4 e5 2. Nf3 d5 3. exd5 e4 4. Nd4 Qxd5 5. Nb3 Bd6 6. Nc3 Qe5 7. Be2 Bf5 8.
g4 Bg6 9. h4 h5 10. gxh5 Rxh5 11. d4 exd3 12. cxd3 Nc6 13. d4 Qe7 14. Bg5 f6
15. Be3 Rh8 16. Qd2 O-O-O 17. O-O-O Nb4 18. a3 Qf7 19. d5 Nc2 20. Bd3 Nxe3 21.
Qxe3 Bxd3 22. Rxd3 Ne7 23. Qxa7 b6 24. Nb5 Kd7 25. Nxd6 Kxd6 26. Nd4 Nxd5 27.
Nb5+ Ke7 28. Nxc7 Rc8 29. Re1+ Kf8 30. Rxd5 Rxc7+ 31. Kb1 Rc8 32. Rd7 Qg6+ 33.
Ka1 Rxh4 34. Ree7 Rh7 35. Rf7+ Kg8 36. Qb7 Re8 37. Rfe7 Rf8 38. Qxb6 Rh1+ 39.
Ka2 Qb1+ 40. Kb3 Rh3+ 41. Kb4 Qxb2+ 42. Kc5 Qxa3+ 43. Kc6 Rc3+ 44. Kb7 Qa8# {
Normal} 0-1

[Event "Rated Blitz game"]
[Site "?"]
[Date "2021.07.28"]
[Round "?"]
[White "Salimskyi"]
[Black "pasha1984"]
[Result "1-0"]
[WhiteElo "2494"]
[BlackElo "2378"]
[PlyCount "48"]
[EventDate "2021.??.??"]
[EventType "blitz"]

1. e4 e5 2. Nf3 d5 3. d3 dxe4 4. dxe4 Qxd1+ 5. Kxd1 Nc6 6. Nfd2 Bc5 7. f3 a5 8.
a4 Be6 9. c3 O-O-O 10. Kc2 Nge7 11. Bc4 Bxc4 12. Nxc4 Kd7 13. Nbd2 Ke6 14. Nb3
Bb6 15. Nxb6 cxb6 16. Be3 Nc8 17. Nd2 Kd6 18. Nc4+ Kc7 19. Rhd1 Rxd1 20. Rxd1
Rd8 21. Rxd8 Kxd8 22. Nxb6 N8e7 23. Nc4 Kd7 24. Bb6 g6 {Normal} 1-0

[Event "Rated Blitz game"]
[Site "?"]
[Date "2021.07.28"]
[Round "?"]
[White "Rvlc"]
[Black "IvicKlasa"]
[Result "0-1"]
[WhiteElo "2377"]
[BlackElo "2508"]
[PlyCount "70"]
[EventDate "2021.??.??"]
[EventType "blitz"]

1. e4 e5 2. Nf3 d5 3. exd5 e4 4. Qe2 Qe7 5. Nd4 Qe5 6. Nf3 Qe7 7. Nd4 Qe5 8.
Nb3 Nf6 9. Nc3 Bb4 10. f3 Bxc3 11. dxc3 O-O 12. fxe4 Re8 13. Be3 Nxe4 14. O-O-O
Nxc3 15. bxc3 Qxe3+ 16. Qxe3 Rxe3 17. Bd3 Kf8 18. c4 Nd7 19. c5 a5 20. a4 Ne5
21. Rhe1 Nxd3+ 22. cxd3 Rxe1 23. Rxe1 Bd7 24. Re4 b5 25. c6 Bf5 26. Rd4 bxa4
27. Rxa4 Ke7 28. Rxa5 Rxa5 29. Nxa5 Kd6 30. Kd2 Kxd5 31. Ke3 Bc8 32. g4 Bxg4
33. Kf4 Be2 34. Ke3 Bf1 35. Nc4 f6 {Normal} 0-1